000
00283nam a22001217a 4500
040
_c
SY
082
_a
579
100
_a
RICKER
245
_a
Computation and interpretation of biological statistics of fish populations
260
_a
CANADA
_b
RIC
_c
1975
300
_a
382p.
942
_c
EK
999
_c
9696
_d
9696